| 000 | 01150nam a2200253 i 4500 | ||
|---|---|---|---|
| 001 | 170858 | ||
| 003 | ES-MaACL | ||
| 005 | 20250826022449.0 | ||
| 008 | 090413s1956 sp |||| |bspa d | ||
| 100 | 1 |
_aSántha, György. _9103367 |
|
| 245 | 1 | 0 |
_aSan José de Calasanz _b: su obra, escritos / _cestudio pedagógico y selección de escritos por György Sántha ; versión del estudio pedagógico, sobre el original inédito por César Aguilera ; versión de la selección de escritos por una comisión dirigida por Julián Centelles. |
| 260 |
_aMadrid : _bLa Editorial Católica, _c1956. |
||
| 300 |
_aLI, 827 p. ; _c20 cm. |
||
| 490 | 1 |
_aBiblioteca de autores cristianos ; _v159 |
|
| 500 | _aÍndices y apéndice documental con cartas y escritos pedagógicos de San José de Calasanz. | ||
| 600 | 0 | 4 |
_aJosé de Calasanz, _cSanto, _d1557-1648 _9139773 |
| 610 | 2 | 4 |
_aEscolapios _93513 |
| 700 | 1 |
_aAguilera, César. _918757 |
|
| 700 | 1 |
_aCentelles, Julián. _9139772 |
|
| 700 | 0 |
_aJosé de Calasanz, _cSanto, _d1557-1648 _9139773 |
|
| 830 | 0 | 0 |
_aBiblioteca de autores cristianos _v159 _9178679 |
| 852 |
_aES-MaACL _jJ-157 |
||
| 999 |
_c170858 _d170858 |
||